| 000 | 01915cam a22005054i 4500 | ||
|---|---|---|---|
| 003 | PE-LiUPU | ||
| 005 | 20250731172850.0 | ||
| 008 | 091015s2010 moua rb 001 0 eng | ||
| 020 | _a0758616880 | ||
| 020 | _a9780758616883 | ||
| 035 | _a(Sirsi) i9780758616883 | ||
| 040 |
_aDLC _bspa _cDLC _dITC _dYDXCP _dOCLCF _dOCLCQ _dPE-LiUPU _erda |
||
| 082 | 0 | 0 |
_a241.2 _bW19 _222 |
| 100 | 1 |
_aWalther, C. F. W. _q(Carl Ferdinand Wilhelm), _d1811-1887, _eautor. |
|
| 245 | 1 | 0 |
_aLaw and Gospel : _bhow to read and apply the Bible / _cCarl Ferdinand Wilhelm Walther ; general editor, Charles P. Schaum ; assistant editors, John P. Hellwege, Jr., Thomas E. Manteufel, translated by Christian C. Tiews. |
| 264 |
_aEstados Unidos: _bConcordia Pub. House, _c[2010] |
||
| 300 |
_alxxvii, 514 páginas : _bilustraciones ; _c24 centímetros |
||
| 336 |
_atext _2rdacontent |
||
| 337 |
_aunmediated _2rdamedia |
||
| 338 |
_avolume _2rdacarrier |
||
| 504 | _aÍndices: páginas 503-514. | ||
| 526 | _aSEG42 | ||
| 526 | _aSEG41 | ||
| 526 | _aSEG40 | ||
| 526 | _aSEG39 | ||
| 526 | _aP94 | ||
| 526 | _aP87 | ||
| 526 | _aP86 | ||
| 526 | _aP85 | ||
| 526 | _aP77 | ||
| 526 | _aP76 | ||
| 526 | _aP35 | ||
| 650 | 0 | _aLey y Evangelio. | |
| 700 | 1 |
_aHellwege, John P., _eeditor |
|
| 700 | 1 |
_aManteufel, Thomas., _eeditor |
|
| 700 | 1 |
_aSchaum, Charles P. _eeditor |
|
| 700 | 1 |
_aTiews, Christian C., _etraductor |
|
| 910 |
_ajck _bebj _cebj _d20160608 |
||
| 942 |
_2ddc _cBOOK |
||
| 949 |
_a241.2 W19 _wDEWEY _c1 _i73609 _lCCODEBUL1 _mBUL _p39.99 _r0 _sY _tBOOK _u2016-6-8 _xTEOLOGIA _PP85 _0COMPRA _o.STAFF. Colección General Teología |
||
| 994 |
_aC0 _bPEPRU |
||
| 596 | _a1 | ||
| 999 |
_a241.2 W19 _wDEWEY _c9821 _i73609 _f2021-11-10 _g5 _lCCODEBUL1 _mBUL _p39.99 _r0 _sY _tBOOK _u2016-6-8 _xTEOLOGIA _PP85 _0COMPRA _o.STAFF. Colección General Teología _d9821 |
||
| 980 |
_81 _gALBERTO SANCHEZ Responsable de Automatización |
||